सड़कों का दर्द / (Record no. 117086)

MARC details
000 -LEADER
fixed length control field 01037nam a22002537a 4500
005 - DATE AND TIME OF LATEST TRANSACTION
control field 20170124103049.0
010 ## - LIBRARY OF CONGRESS CONTROL NUMBER
LC control number A-730936
020 ## - INTERNATIONAL STANDARD BOOK NUMBER
Terms of availability 55.00
International Standard Book Number 8170432871
035 ## - SYSTEM CONTROL NUMBER
System control number A-730936
037 ## - SOURCE OF ACQUISITION
Source of stock number/acquisition Cen Lib/Ret
040 ## - CATALOGING SOURCE
Original cataloging agency DPL
Language of cataloging HN
082 ## - DEWEY DECIMAL CLASSIFICATION NUMBER
Classification number
Item number विरदी
100 ## - MAIN ENTRY--PERSONAL NAME
Personal name विरदी, जसवन्त सिंह
9 (RLIN) 69998
245 ## - TITLE STATEMENT
Title सड़कों का दर्द /
Statement of responsibility, etc जसवन्त सिंह विरदी
246 ## - VARYING FORM OF TITLE
Title proper/short title Sarkon ka dard /
Remainder of title by Jaswant Singh Virdi
260 ## - PUBLICATION, DISTRIBUTION, ETC. (IMPRINT)
Place of publication, distribution, etc दिल्ली
Name of publisher, distributor, etc आत्माराम एंड संस
Date of publication, distribution, etc 1995
270 ## - ADDRESS
Address कश्मीरी गेट
City दिल्ली
Postal code 110006
300 ## - PHYSICAL DESCRIPTION
Extent 127पृ.
Dimensions 17सेमी (सजिल्द)
650 ## - SUBJECT ADDED ENTRY--TOPICAL TERM
Topical term or geographic name as entry element हिन्दी साहित्य
9 (RLIN) 69999
650 ## - SUBJECT ADDED ENTRY--TOPICAL TERM
Topical term or geographic name as entry element हिन्दी साहित्य --लघु कथाएँ
9 (RLIN) 54925
650 ## - SUBJECT ADDED ENTRY--TOPICAL TERM
Topical term or geographic name as entry element Hindi literature
9 (RLIN) 70000
650 ## - SUBJECT ADDED ENTRY--TOPICAL TERM
Topical term or geographic name as entry element Hindi literature --Short Stories
9 (RLIN) 70001
942 ## - ADDED ENTRY ELEMENTS (KOHA)
Source of classification or shelving scheme Dewey Decimal Classification
Koha item type Hindi Books
Classification part
Call number suffix विरदी
Holdings
Withdrawn status Lost status Damaged status Not for loan Home library Current library Date acquired Source of acquisition Cost, normal purchase price Total Checkouts Full call number Barcode Date last seen Date checked out Copy number Cost, replacement price Price effective from Koha item type
        Central Library Central Library 26/08/2015 Cen Lib/Ret 55.00 1 क विरदी A-730936 15/10/2018 29/09/2018 1 55.00 26/08/2015 Hindi Books

© Delhi Public Library
Hit Counter
free hit counter